| 000 | 00449nam a2200169Ia 4500 | ||
|---|---|---|---|
| 999 |
_c10365 _d10365 |
||
| 003 | OSt | ||
| 005 | 20220315150420.0 | ||
| 008 | 220308s9999 xx 000 0 und d | ||
| 020 | _a9781876907815 | ||
| 082 |
_a720.483 _bBIN |
||
| 100 | _a Binder, Georges | ||
| 245 | 0 | _aTall buildings of Europe, Middle East and Africa | |
| 260 | _b Images Publishing Group Pty Ltd; 1st edition (1 January 2007) | ||
| 365 | _cUSD | ||
| 365 | _d75 | ||
| 942 | _2ddc | ||